000 00770cab a2200217 4500
001 WB3036-39
008 090401t1994 xxu||||| |||| 00| 0 eng d
035 _a(Sirsi) u58236
041 _aeng
245 _aFire safety at work
260 _c1994
350 _a0
490 _aHome Office News Release
_v(170/94) 23 September 1994 (3)
520 _aProposals to meet the fire safety requirements of European directives on safety at work are now issued, completing the process begun last year under HSE regulations. Comments by 23 December 1994.
650 _aEUROPEAN DIRECTIVES
650 _aMANAGEMENT-HEALTH AND SAFETY-FIRE SAFETY
650 _aHEALTH AND SAFETY
_96244
690 _aOFFICE SERVICES AND ADMINISTRATION
942 _n0
948 _c04/03/1997
999 _c35533
_d35533